000 00665nam a22002417a 4500
999 _c137102
_d137102
003 0
005 20190128160412.0
008 0
010 _aB-219039
020 _a8183820190
_c95.00
035 _aB-219039, B-219043, B-219066
037 _bCen Lib / Ret
040 _aDPL
_bEN
_c0
082 _a651.8
_bSAM
100 _aSamuel, Philip J.
245 _aHow to organise my Office
_cby Philip J. Samuel
260 _aNew Delhi
_bLotus Press
_c2006
270 _a4263/3 Ansari Road, Darya Ganj
_bNew Delhi
_e110002
300 _a107p ;
_c27cm(Hb)
650 _aManagement
650 _aOffice management
942 _2ddc
_cEN
_h651.8
_mSAM